El poder de la venta: el método Silva para vendedores profesionales

Kaydedildi:
Detaylı Bibliyografya
Yazar: Silva, José (Yazar)
Materyal Türü: Kitap
Dil:İspanyolca
Baskı/Yayın Bilgisi: Buenos Aires Javier Vergara Editor 1992
Edisyon:1a. ed
Konular:
Etiketler: Etiketle
Etiket eklenmemiş, İlk siz ekleyin!

MARC

LEADER 00000cam a2200000 a 4500
001 UCD6981
003 CL-VaPUC
008 170303e19920000ag |||||||||||||||||spa|d
020 |a 950151188X 
082 0 4 |a 658.81  |b SIL  |2 21 
100 0 |a Silva, José  |e author  |9 590900 
245 1 3 |a El poder de la venta: el método Silva para vendedores profesionales 
250 |a 1a. ed 
300 |a 362 p 
942 |c BK 
945 |d 20170303 17:35:00  |a arojas 
260 |a Buenos Aires  |b Javier Vergara Editor  |c 1992 
650 0 |a Ventas  |9 259323 
650 0 |a Marketing  |9 259324 
650 0 |a Vendedores  |9 365637 
650 7 |a INTELIGENCIA DE NEGOCIOS  |2 CL-VaPUC  |9 576761 
583 |a last modification  |c 20170303 17:35:00  |k Rodrigo Vera 
999 |c 367153  |d 367151 
952 |0 0  |1 0  |3 erb  |4 0  |6 658_810000000000000_SIL_1992  |7 0  |8 A  |9 481845  |a BIBENE  |b BIBENE  |i 5328950  |o 658.81 SIL 1992  |p 5328950  |r 2025-01-15  |w 2019-11-24  |y BK  |z Catalogado en:20170303  |k ICO